00306nam a2200121Ia 450000500170000000800410001708200130005824500260007126000390009730000130013665000100014970000250015920250320140253.0240331s9999 xx 000 0 und d bMAHa894 0aMaha kavi kavithaikal aShivagangaibAnam ( Pvt) Ltdc1984 a136 p ., aPoems aNookman, M.A.. eedt